[Event "DSOL 08 Liga Gr-C 1st"]
[Site "Playchess.com INT"]
[Date "2020.08.14"]
[Round "2.1"]
[White "Daichendt, Dirk Michael"]
[Black "Gruber, Florentine"]
[Result "1-0"]
[WhiteElo "1467"]
[BlackElo "988"]
[PlyCount "47"]
[EventDate "2020.06.22"]
[EventType "team-tourn (rapid)"]
[EventCountry "GER"]
[SourceTitle "EXT 2021"]
[Source "ChessBase"]
[SourceDate "2020.10.23"]
[SourceVersion "1"]
[SourceVersionDate "2020.10.23"]
[SourceQuality "1"]
[WhiteTeam "Paderborn Blauer Springer IV"]
[BlackTeam "Paderborn Akademie III"]
[WhiteTeamCountry "GER"]
[BlackTeamCountry "GER"]

1. d4 d5 2. c4 Nf6 3. cxd5 Nxd5 4. Nf3 Nc6 5. e4 Nf6 6. d5 Ne5 7. Nxe5 Nxe4 8. Qa4+ Bd7 9. Qxe4 e6 10. dxe6 Bxe6 11. Bb5+ Bd7 12. Nc6+ Be7 13. Nxd8 Bxb5 14. Qxb7 Rxd8 15. Qxb5+ Kf8 16. 0-0 f6 17. Nc3 Kf7 18. Bf4 Rc8 19. Rfe1 Bd6 20. Bxd6 cxd6 21. Qd7+ Kf8 22. Re7 Kg8 23. Rxg7+ Kf8 24. Qf7# 1-0